LEADER 01152nam a2200253 u 4500 001 000000041565 003 CaOOAMICUS 005 20070226114229.0 008 990205s1808 it u000 u ita u 035 $a10813335 040 $aPUL(R)$bita 100 1 $aPastore, Vincenzo.$0(OLS)http://pul/name/29100 245 10$aCodice della Procedura civile con annotazioni spiegative ed istruttive /$cdell'avvocato Vincenzo Pastore. 260 $aTorino :$bCocca,$c1808. 300 $a2 v. ;$c20 cm 650 4$aDiritto processuale civile.$0(OLS)http://pul/subject/1785 850 $aPUL 852 $aPUL$W1$xDP1 Antico 800$y27$m177 G 30-31$j56308$nBK-PRI$b $qStampati Antico$B56308$CPULBib$Z2$F56308 $H $81 852 $aPUL$W1$xDP1 Antico 800$y27$m177 G 30-31$j56308$nBK-PRI$b $qStampati Antico$B56309$CPULBib$Z2$F56309 $H $81 941 1 $a15 961 $aINV: 5361, 5362 961 $aINV: 5361, 5362 996 $6245$aCodice della Procedura civile con annotazioni spiegative ed istruttive$9(OLS)http://pul/title/56116 996 $6260$aTorino :$bCocca$9(OLS)http://pul/publisher/64620 LEADER 01033nam a2200265 a 4500 001 000000136286 003 CaOOAMICUS 005 20131118115148.0 008 131118s1985 it u000 u ita r 040 $aPUL$bita 082 04$a268 100 1 $aLanza, Sergio.$0(OLS)http://pul/name/36320 245 13$aLa narrazione in catechesi /$cSergio Lanza. 260 $aRoma :$bPaoline,$c1985. 300 $a205 p. ;$c21 cm. 490 1 $aAndate e annunciate.$aStudi e ricerche ;$v5 650 4$aCatechesi$xChiesa cattolica.$0(OLS)http://pul/subject/15094 830 0$aAndate e annunciate.$pStudi e ricerche ;$v5.$0(OLS)http://pul/title/172374 850 $aPUL 852 $aPUL$W1$xSL Religione 3$y85$m268 LANSE 1$j157027$qDDC 21$q $B156473$CPULBib$Z2$F156473 $H123220 $81 941 1 $a9 996 $6082$a268$9(OLS)http://pul/classification/662 996 $6245$aLa narrazione in catechesi$9(OLS)http://pul/title/172373 996 $6260$aRoma :$bPaoline$9(OLS)http://pul/publisher/50842